000 00895nam a22002297a 4500
005 20240530110458.0
008 150618s2012 ua g b 000 0 ara d
017 _a2012/1567
_bمصر . دار الكتب المصرية
020 _a9789776298767
040 _aEG-CaGPL
082 0 4 _221
_a658.5036\
_bا م
100 0 _aالسعيد مبروك ابراهيم
245 1 2 _aالمعلومات و دورها فى دعم و اتخاذ القرار الاستراتيجى /
_cتاليف السعيد مبروك ابراهيم
250 _aط1
260 _aالقاهرة :
_bالمجموعة العربية للتدريب و النشر ،
_c2012 .
300 _a260 ص ؛
_c24 سم
504 _aببليوجرافية : ص 257 -260
650 0 4 _aمصادر المعلومات
650 0 4 _aاتخاذ القرار
942 _2ddc
_cBK
999 _c61422
_d61422